000 01911nam a22003497a 4500
001 42835
003 gtgccic
005 20251105155132.0
007 ta
008 251105b gt ||||| |||| 00| 0 spa d
040 _agtgccic
_bspa
_cgtgccic
_erda
084 _0TPI-16-0100
100 1 0 _aTannia Magaly De León Morán
_dIngeniera Química
_eautor
245 1 0 _aTratamiento primario de los residuos sólidos
_bprovenientes de las fotoceldas utilizadas en los sistemas de alumbrado públio /
_cDe León Morán, Tannia Magaly
264 1 _aGuatemala, Guatemala ;
_bUSAC, Facultad de Ingeniería ;
_c2016.-
300 _axxii, 128 p. :
_bil. ;
_c27 cm
336 _2rdacontenido
_aTexto
_btxt
337 _2rdamedio
_asin mediación
_bn
338 _2rdasoporte
_avolumen
_bnc
502 _aTesis Postgrado
_bMAESTRA EN ENERGÍA Y AMBIENTE
_cUSAC, Facultad de Ingeniería, Escuela de
_d2016
_oTPI-0016-00T0100
504 _aBibliogrfafía p107
505 _t1. ANTECEDENTES
505 _t2. MARCO TEÓRICO
505 _t3. MARCO METODOLÓGICO
505 _t4. PRESENTACIÓN DE RESULTADOS
520 3 _aSe realizó la identificación de los componentes de la fotocelda de alumbrado público para 5 marcas diferentes correspondientes a las muestras proporcionadas por las municipalidades y empresa privada. Así como la clasificación de las sustancias que pueden presentar los componentes por su fabricación de acuerdo a la condición de toxicidad. Se trabajó con dos tipo de fotoceldas de acuerdo al tipo de funcionamiento
650 _aADMINISTRACIÓN DE DESPERDICIOS SÓLIDOS
650 _aBIENES PÚBLICOS
700 _aPh.D. Casta Petrona Zeceña Zeceña
_easesor
942 _2ddc
_cTPS
945 _aamlo
999 _c2499
_d2499